Normal view
MARC view
Entry Nombre personal
001 - NÚMERO DE CONTROL
- campo de control: 928
003 - IDENTIFICADOR DE NÚMERO DE CONTROL
- campo de control: DLC
005 - FECHA Y HORA DE LA ÚLTIMA TRANSACCIÓN
- campo de control: 20260319150351.0
008 - ELEMENTOS DE DATO DE LONGITUD-FIJA
- campo de control de longitud fija: 950623n| azannaabn |n aaa
010 ## - NÚMERO DE CONTROL DE LA BIBLIOTECA DEL CONGRESO
- Número de control de LC: n 95062162
035 ## - NÚMERO DE CONTROL DEL SISTEMA
- Número de control de sistema: (OCoLC)oca03863547
040 ## - FUENTE DE CATALOGACIÓN
- Centro catalogador/agencia de origen: DLC
- Lengua de catalogación: eng
- Normas de descripción: rda
- Centro/agencia transcriptor: DLC
- Centro/agencia modificador: CSt
- Centro/agencia modificador: NcD
- Centro/agencia modificador: UPB
046 ## - FECHAS CON CODIFICACIÓN ESPECIAL
- Fecha de nacimiento: 1956
053 #0 - NÚMERO DE CLASIFICACIÓN LC
- Número de clasificación–único número o número inicial del rango: PQ7798.33.I48
100 1# - ENCABEZAMIENTO-NOMBRE DE PERSONA
- Nombre de persona: Wiñazki, Miguel,
- Fechas asociadas al nombre: 1956-
370 ## - LUGAR ASOCIADO
- Lugar de nacimiento: Buenos Aires (Argentina)
- Fuente del término: naf
375 ## - GÉNERO/SEXO
- Género: male
377 ## - IDIOMA ASOCIADO
- Código del idioma: spa
670 ## - FUENTE DE DATOS ENCONTRADOS
- Cita de la fuente: El último feudo, c1995:
- Información encontrada: t.p. (Miguel Wiñazki) cover flap (b. Buenos Aires 1956)